书目信息 |
| 题名: |
中华帝国的衰落
|
|
| 作者: | 魏斐德 著 ;梅静 译 | |
| 分册: | ||
| 出版信息: | 北京 民主与建设出版社 2017 |
|
| 页数: | 277页 | |
| 开本: | 24cm | |
| 丛书名: | ||
| 单 册: | ||
| 中图分类: | K249.07 | |
| 科图分类: | ||
| 主题词: | 古代史--研究--中国--清代 | |
| 电子资源: | ||
| ISBN: | 978-7-5139-0988-4 | |
| 000 | 01536nam0 2200265 450 | |
| 001 | 012001003725 | |
| 005 | 20140926114741.0 | |
| 010 | @a978-7-5139-0988-4@dCNY42.00 | |
| 100 | @a20170328d2017 em y0chiy50 ea | |
| 101 | 1 | @achi@ceng |
| 102 | @aCN@b110000 | |
| 105 | @ay z 000yy | |
| 106 | @ar | |
| 200 | 1 | @a中华帝国的衰落@9zhong hua di guo de shuai luo@dThe fall of imperial China@zeng@f(美)魏斐德(Frederic Wakeman)著@g梅静译 |
| 210 | @a北京@c民主与建设出版社@d2017 | |
| 215 | @a277页@d24cm | |
| 314 | @a魏斐德 (Frederic Wakeman) (1937-2006),美国著名中国研究专家、历史学家、社会活动家,被誉为美国“汉学三杰”之一。曾任美国加州大学伯克利分校历史系哈斯基金教授,美国历史家协会会长、加州大学伯克利分校东亚研究院院长、美国社会科学院院长。除已发表的百余篇学术论文外,其著作还包括《洪业:清朝开国史》《间谍王:戴笠与中国特工》等。 | |
| 330 | @a本书作为美国多所大学采用的中国近代史教科书,文字简洁流畅,内容通俗易懂。书稿有别于传统通史的编年体叙述,而从构成传统社会主要结构的农民、士绅、商人三个群体入手,详细剖析了中华帝国如何一步步实现建立秩序,走向强盛,陷入困境,再次建立秩序的过程。在中国近代史的历史分期方面,魏斐德采纳北美汉学界的观点,叙述的内容不仅包括鸦片战争之后的历史,还向上追溯到晚明时期,使得作品极具“一家之言”的特色。 | |
| 510 | 1 | @aFall of imperial China@zeng |
| 606 | 0 | @a古代史@x研究@y中国@z清代 |
| 690 | @aK249.07@v5 | |
| 701 | 0 | @c(美)@a魏斐德@9wei fei de@c(Wakeman, Frederic@f1937-2006)@4著 |
| 702 | 0 | @a梅静@9mei jing@4译 |
| 801 | 0 | @aCN@b上海新华@c20180901 |
| 905 | @b1163452-6@dK249.07@e122@f5 | |
| 中华帝国的衰落=The fall of imperial China/(美)魏斐德(Frederic Wakeman)著/梅静译.-北京:民主与建设出版社,2017 |
| 277页;24cm |
| ISBN 978-7-5139-0988-4:CNY42.00 |
| 本书作为美国多所大学采用的中国近代史教科书,文字简洁流畅,内容通俗易懂。书稿有别于传统通史的编年体叙述,而从构成传统社会主要结构的农民、士绅、商人三个群体入手,详细剖析了中华帝国如何一步步实现建立秩序,走向强盛,陷入困境,再次建立秩序的过程。在中国近代史的历史分期方面,魏斐德采纳北美汉学界的观点,叙述的内容不仅包括鸦片战争之后的历史,还向上追溯到晚明时期,使得作品极具“一家之言”的特色。 |
| ● |
| 相关链接 |
|
|
|
|
正题名:中华帝国的衰落
索取号:K249.07/122
 
预约/预借
| 序号 | 登录号 | 条形码 | 馆藏地/架位号 | 状态 | 备注 |
| 1 | 1163452 | 211634524 | 第二样本阅览室/ [索取号:K249.07/122] | 在馆 | |
| 2 | 1163453 | 211634533 | 第二借阅区/ [索取号:K249.07/122] | 在馆 | |
| 3 | 1163454 | 211634542 | 第二借阅区/ [索取号:K249.07/122] | 在馆 | |
| 4 | 1163455 | 211634551 | 第二借阅区/ [索取号:K249.07/122] | 在馆 | |
| 5 | 1163456 | 211634560 | 密集书库-史法系/ [索取号:K249.07/122] | 在馆 |